[Event "Cesenatico op 14th"]
[Site "Cesenatico"]
[Date "2010.09.05"]
[Round "7"]
[White "Brunner, Werner"]
[Black "Meijers, Viesturs"]
[Result "1/2-1/2"]
[WhiteElo "2173"]
[BlackElo "2470"]
[PlyCount "148"]
[EventDate "2010.08.30"]
[EventType "swiss"]
[EventRounds "9"]
[EventCountry "ITA"]
[SourceTitle "CBM 138 Extra"]
[Source "ChessBase"]
[SourceDate "2010.10.29"]
[SourceVersion "1"]
[SourceVersionDate "2010.10.29"]
[SourceQuality "1"]

1. d4 e6 2. Nf3 Nf6 3. e3 c5 4. Nbd2 a6 5. Bd3 b5 6. c3 Bb7 7. 0-0 Be7 8. e4 Nc6 9. a3 Qb6 10. dxc5 Bxc5 11. Nb3 Be7 12. Be3 Qc7 13. h3 d5 14. exd5 Nxd5 15. Bc5 Rd8 16. Bxe7 Ncxe7 17. Qc2 Nf4 18. Be4 Ned5 19. Rfe1 h6 20. Rad1 0-0 21. Ne5 Nf6 22. Bxb7 Qxb7 23. f3 N6d5 24. Nd4 Rfe8 25. Kh2 f6 26. Nd3 Nxd3 27. Rxd3 Qc7+ 28. g3 Qb6 29. Red1 Kh8 30. Qe2 Nc7 31. Kg2 Rd5 32. Nc2 Red8 33. Ne3 Rxd3 34. Rxd3 Nd5 35. Nxd5 exd5 36. Qd2 Qc6 37. Rd4 Kg8 38. h4 h5 39. Qd3 Qe6 40. Qd2 Kf7 41. Qf2 Re8 42. Rd2 Qe1 43. Qxe1 Rxe1 44. Kf2 Rb1 45. Ke3 Ke6 46. Kf4 g6 47. g4 Rh1 48. Kg3 f5 49. Re2+ Kd6 50. gxf5 gxf5 51. Kf4 Rxh4+ 52. Kxf5 a5 53. Kg5 Rh1 54. f4 h4 55. Kg4 h3 56. Kg3 a4 57. Rd2 Ke6 58. Rd4 Kd6 59. Rb4 Kc5 60. Rd4 Rb1 61. Rb4 Rh1 62. Rd4 Kd6 63. Rb4 Kc6 64. Rd4 h2 65. Rb4 d4 66. cxd4 Kb6 67. Kg2 Rf1 68. Kxh2 Rxf4 69. Kg3 Rf1 70. Kg4 Kc6 71. Kg3 Rf8 72. Kg4 Rf7 73. Kg3 Rf8 74. Kg4 Rf7 1/2-1/2

[Event "Cesenatico op 14th"]
[Site "Cesenatico"]
[Date "2010.08.30"]
[Round "1"]
[White "Brunner, Werner"]
[Black "Petkov, Vladimir"]
[Result "0-1"]
[WhiteElo "2173"]
[BlackElo "2490"]
[PlyCount "58"]
[EventDate "2010.08.30"]
[EventType "swiss"]
[EventRounds "9"]
[EventCountry "ITA"]
[SourceTitle "CBM 138 Extra"]
[Source "ChessBase"]
[SourceDate "2010.10.29"]
[SourceVersion "1"]
[SourceVersionDate "2010.10.29"]
[SourceQuality "1"]

1. d4 Nf6 2. Nf3 c5 3. e3 g6 4. Nbd2 Bg7 5. Bd3 0-0 6. 0-0 d5 7. c3 Qc7 8. Ne5 Nc6 9. f4 Bf5 10. Qe2 Bxd3 11. Qxd3 e6 12. a3 Ne7 13. g4 cxd4 14. exd4 Ne8 15. g5 f6 16. Ng4 Nc6 17. Nf3 f5 18. Nge5 Nd6 19. Be3 b5 20. Rae1 Rab8 21. Nd2 Ne4 22. Nxe4 fxe4 23. Qe2 Ne7 24. h4 Nf5 25. Qg4 Bxe5 26. dxe5 a5 27. Qh3 Qc4 28. Bc1 b4 29. Rf2 bxa3 0-1

[Event "EU-Cup 25th"]
[Site "Ohrid"]
[Date "2009.10.05"]
[Round "2.6"]
[White "Porat, David"]
[Black "Brunner, Werner"]
[Result "1/2-1/2"]
[WhiteElo "2222"]
[BlackElo "2178"]
[PlyCount "83"]
[EventDate "2009.10.04"]
[EventType "team-swiss"]
[EventRounds "7"]
[EventCountry "MKD"]
[SourceTitle "CBM 133"]
[Source "ChessBase"]
[SourceDate "2009.11.19"]
[SourceVersion "1"]
[SourceVersionDate "2009.11.19"]
[SourceQuality "1"]
[WhiteTeam "Porat Mathematics"]
[BlackTeam "Niederrohrdorf"]
[WhiteTeamCountry "ISR"]
[BlackTeamCountry "SUI"]

1. d4 d5 2. c4 dxc4 3. Nf3 Nf6 4. e3 e6 5. Bxc4 c5 6. Qe2 a6 7. dxc5 Bxc5 8. 0-0 0-0 9. e4 b5 10. Bd3 Nbd7 11. e5 Nd5 12. Nc3 Nxc3 13. bxc3 g6 14. Bh6 Re8 15. a4 b4 16. cxb4 Bxb4 17. Rab1 Qa5 18. Qe4 Rb8 19. Qf4 Be7 20. Rxb8 Nxb8 21. Bg5 Bf8 22. Qh4 Bb7 23. Be4 Bxe4 24. Qxe4 Qb4 25. Qc2 Qc5 26. Qe2 Qa5 27. Qc4 Qb4 28. Qxb4 Bxb4 29. Rc1 Nd7 30. Be3 Rb8 31. h3 Nb6 32. Rc6 Nxa4 33. Rxa6 Nc3 34. Ra7 Nd5 35. Bd4 h6 36. g3 Rc8 37. Rb7 Rc4 38. Ba7 Bc5 39. Rb8+ Kg7 40. Bxc5 Rxc5 41. Rb2 Ne7 42. Kg2 1/2-1/2

[Event "Imperia op-A 51st"]
[Site "Imperia"]
[Date "2009.08.30"]
[Round "1"]
[White "Brunner, Werner"]
[Black "Mazzetta, Renato"]
[Result "1-0"]
[WhiteElo "2178"]
[BlackElo "1911"]
[PlyCount "49"]
[EventDate "2009.08.30"]
[EventType "swiss"]
[EventRounds "9"]
[EventCountry "ITA"]
[SourceTitle "EXT 2011"]
[Source "ChessBase"]
[SourceDate "2010.11.26"]
[SourceVersion "1"]
[SourceVersionDate "2010.11.26"]
[SourceQuality "1"]

1. d4 d5 2. Bg5 Nf6 3. e3 e6 4. Nd2 Nbd7 5. Ngf3 Be7 6. Bd3 c5 7. c3 b6 8. 0-0 Bb7 9. Ne5 Nxe5 10. dxe5 Nd7 11. Bxe7 Qxe7 12. f4 f5 13. exf6 Nxf6 14. Bb5+ Kf7 15. Nf3 Rhf8 16. Bd3 Kg8 17. Qe1 Rad8 18. Qh4 g6 19. Rad1 Rf7 20. Qh6 Bc8 21. Ne5 Rg7 22. Nc6 Qd6 23. Nxd8 Qxd8 24. Qh4 Rf7 25. e4 1-0

[Event "EU-Cup 23rd"]
[Site "Kemer"]
[Date "2007.10.09"]
[Round "7.5"]
[White "Edvardsson, Kristjan"]
[Black "Brunner, Werner"]
[Result "1-0"]
[WhiteElo "2266"]
[BlackElo "2171"]
[PlyCount "113"]
[EventDate "2007.10.03"]
[EventType "team-swiss"]
[EventRounds "7"]
[EventCountry "TUR"]
[SourceTitle "CBM 121"]
[Source "ChessBase"]
[SourceDate "2007.11.14"]
[SourceVersion "1"]
[SourceVersionDate "2007.11.14"]
[SourceQuality "1"]
[WhiteTeam "Reykjavik Hellir"]
[BlackTeam "Niederrohrdorf"]
[WhiteTeamCountry "ISL"]
[BlackTeamCountry "SUI"]

1. e4 d5 2. exd5 Qxd5 3. Nc3 Qa5 4. Bc4 Nf6 5. d4 Nc6 6. Nge2 e5 7. d5 Nb4 8. Bd2 Qc5 9. Bb5+ c6 10. dxc6 bxc6 11. Ba4 Bd7 12. a3 Nbd5 13. b4 Qb6 14. 0-0 Be7 15. Bb3 0-0 16. Ng3 Rfe8 17. Na4 Qc7 18. c4 Nf4 19. c5 Rad8 20. Qc2 g6 21. Bc3 Bf8 22. Rad1 Bg4 23. f3 Be6 24. Rfe1 Rxd1 25. Qxd1 Bxb3 26. Qxb3 N6d5 27. Ba1 f5 28. Nb2 Bg7 29. Nc4 Re7 30. Nd6 Kf8 31. Nf1 Qd7 32. g3 Nh3+ 33. Kg2 f4 34. g4 Ng5 35. h4 Nf7 36. Nxf7 Rxf7 37. Bxe5 Re7 38. Bxg7+ Kxg7 39. Qb2+ Kf7 40. Re5 Qc7 41. Re4 Rxe4 42. fxe4 Nf6 43. Qb3+ Ke7 44. Qf3 Qe5 45. Nd2 h5 46. g5 Ng4 47. Qd3 Qe6 48. Qd6+ Qxd6 49. cxd6+ Kxd6 50. Nc4+ Ke6 51. Kf3 Ne5+ 52. Nxe5 Kxe5 53. a4 a6 54. a5 Kd4 55. Kxf4 Kc4 56. Ke3 Kxb4 57. e5 1-0

[Event "Davos op 6th"]
[Site "Davos"]
[Date "2007.08.07"]
[Round "2"]
[White "Turner, Matthew"]
[Black "Brunner, Werner"]
[Result "1-0"]
[WhiteElo "2483"]
[BlackElo "2157"]
[PlyCount "125"]
[EventDate "2007.08.06"]
[EventType "swiss"]
[EventRounds "7"]
[EventCountry "SUI"]
[SourceTitle "CBM 119 Extra"]
[Source "ChessBase"]
[SourceDate "2007.09.04"]
[SourceVersion "1"]
[SourceVersionDate "2007.09.04"]
[SourceQuality "1"]

1. c4 c5 2. g3 g6 3. Bg2 Bg7 4. Nc3 Nc6 5. Nf3 e5 6. 0-0 Nge7 7. Ne1 0-0 8. d3 d6 9. Nc2 Be6 10. Ne3 Rb8 11. Bd2 Qd7 12. Re1 Bh3 13. Bh1 h5 14. Ned5 Nxd5 15. Nxd5 Ne7 16. Nc3 Be6 17. a3 b6 18. b4 f5 19. Rb1 cxb4 20. axb4 d5 21. Bg5 Bf6 22. Bxf6 Rxf6 23. cxd5 Nxd5 24. Qd2 Rc8 25. Rec1 Rff8 26. Nxd5 Bxd5 27. Qh6 Bf7 28. b5 Rxc1+ 29. Qxc1 Rc8 30. Bc6 Qd4 31. Qa3 Rc7 32. e3 Qd8 33. d4 exd4 34. Rd1 d3 35. Rxd3 Qe7 36. Rd6 Kh7 37. Qd3 Qe5 38. Rd8 Re7 39. Kg2 Kg7 40. Ra8 Kh7 41. h4 Kg7 42. Qd8 Kh7 43. Qd4 Qg7 44. Qf4 Be6 45. Kh2 Qf7 46. Qd6 Kg7 47. Qd4+ Qf6 48. Qd8 Kh6 49. Rxa7 Rf7 50. Qxf6 Rxf6 51. Rb7 Bc4 52. Kg2 Rd6 53. Kf3 g5 54. Rxb6 Bxb5 55. Rxb5 Rxc6 56. Rxf5 g4+ 57. Kf4 Ra6 58. e4 Rb6 59. e5 Rb4+ 60. Ke3 Kg6 61. Rf6+ Kg7 62. Rf4 Rb3+ 63. Ke4 1-0

[Event "Winterthur op"]
[Site "Winterthur"]
[Date "2006.10.07"]
[Round "2"]
[White "Haba, Petr"]
[Black "Brunner, Werner"]
[Result "1-0"]
[WhiteElo "2526"]
[BlackElo "2168"]
[PlyCount "111"]
[EventDate "2006.10.06"]
[EventType "swiss"]
[EventRounds "9"]
[EventCountry "SUI"]
[SourceTitle "EXT 2007"]
[Source "ChessBase"]
[SourceDate "2006.11.23"]
[SourceVersion "1"]
[SourceVersionDate "2006.11.23"]
[SourceQuality "1"]

1. e4 d5 2. exd5 Qxd5 3. Nc3 Qd6 4. d4 Nf6 5. Nf3 c6 6. Ne5 Nbd7 7. Nc4 Qc7 8. Qf3 e6 9. Bf4 Qd8 10. Nd6+ Bxd6 11. Bxd6 Nb6 12. Qg3 Nbd5 13. Bd3 Nxc3 14. bxc3 g6 15. Qe5 Rg8 16. 0-0 Nh5 17. Rfe1 f6 18. Qc5 Kf7 19. a4 Ng7 20. a5 Ne8 21. Bf4 Qe7 22. Qxe7+ Kxe7 23. c4 Kd8 24. Rab1 Rg7 25. h4 Nc7 26. Re3 Rd7 27. c3 Ke7 28. h5 g5 29. Bxc7 Rxc7 30. Bxh7 Bd7 31. c5 Rh8 32. Bg6 Kf8 33. g4 Kg7 34. f3 Bc8 35. Bd3 Rd8 36. Bc4 Re7 37. Kf2 a6 38. Rbe1 Rde8 39. Bd3 Bd7 40. Kg3 Kh6 41. Bg6 Rd8 42. Rf1 Be8 43. Bxe8 Rdxe8 44. Rfe1 e5 45. dxe5 fxe5 46. Rd1 Kh7 47. Rd6 Rg8 48. Kf2 Rf8 49. Rg6 Rd8 50. Rxg5 Rd5 51. f4 Rf7 52. Rgxe5 Rxe5 53. Rxe5 Rxf4+ 54. Kg3 Rc4 55. g5 Rxc3+ 56. Kg4 1-0

[Event "Davos op 5th"]
[Site "Davos"]
[Date "2006.08.12"]
[Round "7"]
[White "Brunner, Werner"]
[Black "Mollet, Robert"]
[Result "1-0"]
[WhiteElo "2145"]
[BlackElo "1563"]
[PlyCount "69"]
[EventDate "2006.08.06"]
[EventType "swiss"]
[EventRounds "7"]
[EventCountry "SUI"]
[SourceTitle "EXT 2008"]
[Source "ChessBase"]
[SourceDate "2007.11.25"]
[SourceVersion "1"]
[SourceVersionDate "2007.11.25"]
[SourceQuality "1"]

1. d4 Nf6 2. Bg5 e6 3. e3 Be7 4. Nd2 d5 5. Ngf3 Nbd7 6. Bd3 b6 7. 0-0 Bb7 8. c3 h6 9. Bh4 Ne4 10. Bxe7 Qxe7 11. a4 a5 12. Qc2 Nxd2 13. Nxd2 f5 14. f4 g6 15. Nf3 Kf7 16. b4 Rhc8 17. Rab1 Ba6 18. b5 Bb7 19. Qa2 Qd6 20. Rfc1 Rab8 21. Qf2 Ba8 22. Qh4 Rh8 23. Rf1 Qe7 24. Qh3 Rbg8 25. Rbc1 Rc8 26. Rc2 Kg7 27. Rfc1 c6 28. Qg3 Kh7 29. c4 cxb5 30. cxb5 Bb7 31. Nh4 Qf7 32. Rc7 Rxc7 33. Rxc7 Bc8 34. Nf3 Rd8 35. Qh4 1-0

[Event "Davos op 5th"]
[Site "Davos"]
[Date "2006.08.09"]
[Round "4"]
[White "Brunner, Werner"]
[Black "Curien, Nicolas"]
[Result "0-1"]
[WhiteElo "2145"]
[BlackElo "2253"]
[PlyCount "54"]
[EventDate "2006.08.06"]
[EventType "swiss"]
[EventRounds "7"]
[EventCountry "SUI"]
[SourceTitle "EXT 2008"]
[Source "ChessBase"]
[SourceDate "2007.11.25"]
[SourceVersion "1"]
[SourceVersionDate "2007.11.25"]
[SourceQuality "1"]

1. d4 d5 2. Nf3 e6 3. e3 Nf6 4. Bd3 Bd6 5. Nbd2 0-0 6. 0-0 Nc6 7. c4 e5 8. dxe5 Nxe5 9. Nxe5 Bxe5 10. Nf3 Bd6 11. b3 dxc4 12. Bxc4 Bg4 13. Bb2 Qe7 14. h3 Bh5 15. Be2 Rad8 16. Qc2 Ne4 17. Rfd1 Rfe8 18. Nd4 Nxf2 19. Nf5 Qg5 20. Bxh5 Nxd1 21. Bxd1 Be5 22. g4 g6 23. Bxe5 Rxe5 24. h4 Qf6 25. Nh6+ Kg7 26. Qc3 Rde8 27. g5 Rxg5+ 0-1

[Event "Zuerich Seniors op 4th"]
[Site "Zuerich"]
[Date "2006.02.01"]
[Round "8"]
[White "Illi, Hans Joerg"]
[Black "Brunner, Werner"]
[Result "1/2-1/2"]
[WhiteElo "2171"]
[BlackElo "2178"]
[PlyCount "36"]
[EventDate "2006.01.23"]
[EventType "swiss"]
[EventRounds "9"]
[EventCountry "SUI"]
[SourceTitle "EXT 2007"]
[Source "ChessBase"]
[SourceDate "2006.11.23"]
[SourceVersion "1"]
[SourceVersionDate "2006.11.23"]
[SourceQuality "1"]

1. d4 Nf6 2. Nf3 e6 3. Bg5 Be7 4. Nbd2 c5 5. c3 cxd4 6. cxd4 0-0 7. e3 b6 8. Bd3 Bb7 9. 0-0 d6 10. Qa4 a6 11. Bxf6 Bxf6 12. Qc2 h6 13. Bh7+ Kh8 14. Be4 d5 15. Bd3 Nc6 16. Rac1 Rc8 17. Qb1 Qd6 18. h3 g6 1/2-1/2

[Event "SUI-chT"]
[Site "Switzerland"]
[Date "1994.??.??"]
[Round "1"]
[White "Brunner, Werner"]
[Black "Kamber, Bruno"]
[Result "1/2-1/2"]
[WhiteElo "2120"]
[BlackElo "2345"]
[PlyCount "74"]
[EventDate "1994.??.??"]
[EventType "team-tourn"]
[EventRounds "9"]
[EventCountry "SUI"]
[SourceTitle "EXT 2000"]
[Source "ChessBase"]
[SourceDate "1999.11.16"]
[SourceVersion "1"]
[SourceVersionDate "1999.11.16"]
[SourceQuality "1"]

1. d4 g6 2. Nf3 Bg7 3. Bf4 Nf6 4. e3 d6 5. h3 0-0 6. Be2 c5 7. Nbd2 b6 8. 0-0 Ba6 9. Bxa6 Nxa6 10. Qe2 Qc8 11. c3 Qb7 12. a4 Rfc8 13. Bh2 Nc7 14. Rfe1 Ne6 15. Nb3 Bh6 16. e4 cxd4 17. Nfxd4 Nxd4 18. Nxd4 Nd7 19. Nc2 Bg7 20. Nb4 Rc5 21. Rad1 Ra5 22. Nd5 Nf6 23. Qc2 Nxd5 24. Rxd5 Qa6 25. Rxa5 Qxa5 26. Rd1 Rc8 27. c4 Qc5 28. b3 a6 29. Bf4 b5 30. axb5 axb5 31. Be3 Qh5 32. Rd5 f5 33. exf5 bxc4 34. bxc4 Be5 35. f4 Qh4 36. fxe5 Qe1+ 37. Kh2 Qxe3 1/2-1/2

[Event "SUI-chT"]
[Site "Switzerland"]
[Date "1994.??.??"]
[Round "6"]
[White "Brunner, Werner"]
[Black "Silva, Marco"]
[Result "0-1"]
[WhiteElo "2120"]
[BlackElo "2295"]
[PlyCount "38"]
[EventDate "1994.??.??"]
[EventType "team-tourn"]
[EventRounds "9"]
[EventCountry "SUI"]
[SourceTitle "EXT 2000"]
[Source "ChessBase"]
[SourceDate "1999.11.16"]
[SourceVersion "1"]
[SourceVersionDate "1999.11.16"]
[SourceQuality "1"]

1. d4 c5 2. c3 Nf6 3. Nf3 b6 4. Bg5 Ne4 5. Bf4 Bb7 6. e3 e6 7. Nbd2 Be7 8. Bd3 f5 9. Qc2 Nxd2 10. Nxd2 0-0 11. e4 cxd4 12. exf5 dxc3 13. bxc3 exf5 14. Bxf5 g6 15. Qb3+ Kg7 16. Be5+ Bf6 17. Bxb8 Qxb8 18. Bxd7 Qe5+ 19. Kf1 Bh4 0-1